การค้าบริการภายใต้การเจรจารอบอุรุกวัยของแกตต์และอนาคตของการขนส่งทางบกของประเทศไทย (ระเบียนเลขที่ 5357)
| 000 -LEADER | |
|---|---|
| fixed length control field | 01009nam a22002177a 4500 |
| 005 - DATE AND TIME OF LATEST TRANSACTION | |
| control field | 20210325174934.0 |
| 008 - FIXED-LENGTH DATA ELEMENTS--GENERAL INFORMATION | |
| fixed length control field | s2537 th tha d |
| 041 ## - LANGUAGE CODE | |
| Language code of text/sound track or separate title | tha |
| 050 ## - LIBRARY OF CONGRESS CALL NUMBER | |
| Classification number | HF1412 จ683ก 2537 |
| 245 10 - TITLE STATEMENT | |
| Title | การค้าบริการภายใต้การเจรจารอบอุรุกวัยของแกตต์และอนาคตของการขนส่งทางบกของประเทศไทย |
| 260 3# - PUBLICATION, DISTRIBUTION, ETC. | |
| Place of publication, distribution, etc. | กรุงเทพฯ : |
| Name of publisher, distributor, etc. | สถาบันพาณิชยนาวี. จุฬาลงกรณ์มหาวิทยาลัย, |
| Date of publication, distribution, etc. | 2537 |
| 300 ## - PHYSICAL DESCRIPTION | |
| Extent | 124 หน้า ; |
| Other physical details | 30 ซม. |
| 650 04 - SUBJECT ADDED ENTRY--TOPICAL TERM | |
| Topical term or geographic name entry element | การค้าบริการ |
| 650 04 - SUBJECT ADDED ENTRY--TOPICAL TERM | |
| Topical term or geographic name entry element | แกตต์ |
| 650 04 - SUBJECT ADDED ENTRY--TOPICAL TERM | |
| Topical term or geographic name entry element | การเจรจารอบอุรุกวัย |
| 650 04 - SUBJECT ADDED ENTRY--TOPICAL TERM | |
| Topical term or geographic name entry element | การขนส่งทางบก |
| 850 ## - HOLDING INSTITUTION | |
| Holding institution | NALT |
| 942 ## - ADDED ENTRY ELEMENTS (KOHA) | |
| Koha item type | General Book |
| 997 ## - | |
| -- | 000000000005357 |
| 998 ## - LOCAL CONTROL INFORMATION (RLIN) | |
| -- | NISA LAUNGTONGKUM |
| Withdrawn status | Lost status | Damaged status | Not for loan | Collection code | Home library | Current library | Total Checkouts | Full call number | Barcode | Date last seen | Copy number | Price effective from | Koha item type |
|---|---|---|---|---|---|---|---|---|---|---|---|---|---|
| General Book collection | National Assembly Library of Thailand | National Assembly Library of Thailand | HF 1412 จ683ก 2537 | 3961103895 | 09/06/2017 | ฉ. 2 | 09/06/2017 | General Book | |||||
| General Book collection | National Assembly Library of Thailand | National Assembly Library of Thailand | HF 1412 จ683ก 2537 | 3961103894 | 09/06/2017 | ฉ. 1 | 09/06/2017 | General Book |
